000 00592nam a22001577a 4500
003 macl
005 20170929154039.0
008 170929b xxu||||| |||| 00| 0 eng d
040 _cmacl
082 _a800
100 _aकुमार,डॉ प्रदीप
_969291
245 _aव्दिजदेव के काव्‍य में प्रकृति का रचनात्‍मक उपयोग
260 _aदिल्‍ली
_bसुधीर पब्लिकेशन
_c2017
650 _aकाव्‍य समीक्षा
_948818
942 _2ddc
_cHIN
999 _c57069
_d57069